| 000 | 00670nam a2200217Ia 4500 | ||
|---|---|---|---|
| 003 | GCL | ||
| 008 | 140319s9999 xx 000 0 ara d | ||
| 040 |
_aGCL / _cGCL |
||
| 082 | 0 | 4 |
_a813.03 _bت ى |
| 100 | 1 | _aابراهيم عبدالعزيز شيحا | |
| 245 | 1 | 0 |
_aيحيى حقى ذكريات مطوية / _cابراهيم عبدالعزيز شيحا |
| 700 | 1 | _aنهى يحى حقى | |
| 260 |
_a[S.N] : _bدار سعاد الصباح ، _c1993 |
||
| 300 | _a224 ص | ||
| 490 | _a | ||
| 650 | 0 | 4 | _aالادب العربى |
| 650 | 0 | 4 | _aالتراجم الذاتية |
| 650 | 0 | 4 | _aالادباء العرب |
| 650 | 0 | 4 | _aيحيى حقى |
| 942 |
_2ddc _cBK |
||
| 999 |
_c28731 _d28731 |
||